000 00568nam a2200205Ia 4500
005 20241129110136.0
008 241129s9999||||xx |||||||||||||| ||und||
037 _aTB
040 _aARTS
_beng
_cARTS
041 _aeng
_2ara
084 _aO28,3N11w Q5
_qARTS
100 _aQaeesi Audullah Mani Au.
_9727375
245 0 _aNajeeb Mehfooz
_cQaeesi Audullah Mani Au.
260 _aOman, Zordan
_bDarul Yazavi
_c2016
300 _a175p.
365 _aINR
_b990
650 _aArabic Fiction
_964594
942 _cTB
_hO28,3N11w Q5
999 _c1227464
_d1227464